| 000 | 00382nam a2200157Ia 4500 | ||
|---|---|---|---|
| 008 | 230711s9999||||xx |||||||||||||| ||und|| | ||
| 041 | _aENG | ||
| 082 |
_a720 _bTH-J |
||
| 100 | _aThornton,Richard S | ||
| 245 | 0 | _aJapanese graphic design | |
| 250 | _a1st Ed. | ||
| 260 |
_c1991 _aNew Jersy _bLaurence King Publication Ltd |
||
| 300 | _a240 | ||
| 650 | _aArchitecture | ||
| 942 | _cBK | ||
| 999 |
_c2494 _d2494 |
||